Formule 1: Les coéquipiers de Romain Grosjean - Statistiques

Statistiques générales
  • Ce quiz a été pris 384 fois
  • Le résultat moyen est 4 sur 6
Statistiques - réponses
Ecurie Saison Pilote % Correct
Haas [2017;2020] Kevin Magnussen
99%
Lotus 2012-2013 Kimi Räikkönen
79%
Renault 2009 Fernando Alonso
71%
Lotus 2014-2015 Pastor Maldonado
56%
Haas 2016 Esteban Gutiérrez
42%
Lotus 2013 (2 GP) Heikki Kovalainen
29%
Aucun quiz correspondant
Distribution des résultats
% des personnes avec chaque résultat
Percentile par nombre de réponses
Votre historique - résultats
Vous n’avez pas pris ce quiz